Resources Values and Development (Record no. 41565)
[ view plain ]
| 000 -LEADER | |
|---|---|
| fixed length control field | 004080000a22001570004500 |
| 003 - CONTROL NUMBER IDENTIFIER | |
| control field | MACL |
| 005 - DATE AND TIME OF LATEST TRANSACTION | |
| control field | 20150728125341.0 |
| 008 - FIXED-LENGTH DATA ELEMENTS--GENERAL INFORMATION | |
| fixed length control field | 150728b xxu||||| |||| 00| 0 eng d |
| 040 ## - CATALOGING SOURCE | |
| Original cataloging agency | MACL |
| Transcribing agency | MACL |
| 082 ## - DEWEY DECIMAL CLASSIFICATION NUMBER | |
| Classification number | English |
| 100 ## - MAIN ENTRY--PERSONAL NAME | |
| Personal name | Sen, Amartya |
| 9 (RLIN) | 554 |
| 245 ## - TITLE STATEMENT | |
| Title | Resources Values and Development |
| 260 ## - PUBLICATION, DISTRIBUTION, ETC. (IMPRINT) | |
| Name of publisher, distributor, etc. | Oxford University Press |
| Date of publication, distribution, etc. | 1984 |
| Place of publication, distribution, etc. | 330/SEN |
| 650 ## - SUBJECT ADDED ENTRY--TOPICAL TERM | |
| Topical term or geographic name as entry element | Economics |
| 9 (RLIN) | 2804 |
| 942 ## - ADDED ENTRY ELEMENTS (KOHA) | |
| Koha item type | Books |
| Call number prefix | 330/SEN |
| Source of classification or shelving scheme | |
| Withdrawn status | Lost status | Source of classification or shelving scheme | Damaged status | Not for loan | Home library | Current library | Date acquired | Total Checkouts | Total Renewals | Full call number | Barcode | Date last seen | Date last checked out | Uniform Resource Identifier | Price effective from | Koha item type |
|---|---|---|---|---|---|---|---|---|---|---|---|---|---|---|---|---|
| MACL | MACL | 15/04/2015 | 6 | 330/SEN | CRE003604 | 02/05/2024 | 11/10/2022 | 41834 | 15/04/2015 | Books |









